000 00717nam a2200193 a 4500
001 000045961
005 20201002052540.0
008 150603s2015 flu 000 0 spa d
020 _a9781633156395
040 _aDO-SdBNP
_bspa
_cBNPHU
082 _axxxx
_bxxxx
100 1 _aD'Oleo, Jonathan
_974035
245 1 0 _aTomando posesión :
_ba través del poder de saber y de emprender /
_cJonathan D'Oleo.
246 1 4 _aTomando posesión :
_bantología de gestión financiera, empresarial y desarrollo personal
260 _aMiami, Florida :
_bD'Oleo Analytica,
_c2015.
300 _a197 p. ;
_c22 cm.
500 _aIncluye datos biográficos del autor en la solapa de la contracubierta
590 _aInventariado, 2019/VM
999 _c45450
_d45450